Statistics for Beijing to Mexico 5 Million> Capital Chain

Click here to take the quiz!

General Stats

  • This quiz has been taken 17 times
  • The average score is 17 of 19

Answer Stats

HintPopulationCapital% Correct
Largest metropolis on Korean peninsula9,838,892Seoul
100%
Largest city of Egypt9,500,000Cairo
94%
17th-century city was the Mughal capital of Bengal8,906,039Dhaka
94%
Sits on the northwest coast of the island of Java10,075,310Jakarta
94%
Largest city of Russia12,506,468Moscow
94%
Founded by Emperor George V during the Delhi Durbar of 191114,200,004New Delhi
94%
Sovereign island city-state in maritime Southeast Asia5,638,700Singapore
94%
Home of kabuki theater and shinto shrines13,929,286Tokyo
94%
Located in the central part of Anatolia5,445,026Ankara
88%
Located along the Tigris, near the ruins of city of Babylon6,719,500Baghdad
88%
Has a marble mausoleum dedicated to Ho Chi Minh8,053,663Hanoi
88%
The largest city on the Arabian Peninsula7,676,654Riyadh
88%
The most populous city in Western Asia8,693,706Tehran
88%
The largest city in Africa12,691,000Kinshasa
82%
Given its name by the Limaq indians8,852,000Lima
82%
Founded in 1541 by the Spanish conquistador Pedro de Valdivia6,310,000Santiago
82%
Home to Wat Pho Temple and the large reclining Buddha8,305,218Bangkok
76%
Means "The Lady of the Andes" in local language7,181,469Bogota
76%
City on the Thames8,908,081London
76%

Score Distribution

Percentile by Number Answered

Percent of People with Each Score

Your Score History

You have not taken this quiz